Historia del Tahuantinsuyu
Guardat en:
| Autor principal: | |
|---|---|
| Format: | Llibre |
| Idioma: | espanyol |
| Publicat: |
Lima
Instituto de Estudios Peruanos
1999
|
| Edició: | 2a. ed |
| Col·lecció: | Historia Andina, 13
|
| Matèries: | |
| Etiquetes: |
Afegir etiqueta
Sense etiquetes, Sigues el primer a etiquetar aquest registre!
|
MARC
| LEADER | 00000cam a2200000 a 4500 | ||
|---|---|---|---|
| 001 | UCH3392 | ||
| 003 | CL-VaPUC | ||
| 008 | 090723e19990700PE |||||||||||||||||spa|d | ||
| 020 | |a 9789972510298 | ||
| 082 | 0 | 4 | |a 985.019 |b ROS |2 21 |
| 100 | 0 | |a Rostworowski de Diez Canseco, María |e author |9 538719 | |
| 245 | 1 | 0 | |a Historia del Tahuantinsuyu |
| 250 | |a 2a. ed | ||
| 300 | |a 359 p | ||
| 942 | |c BK | ||
| 945 | |d 20090723 00:00:00 |a dcastane | ||
| 260 | |a Lima |b Instituto de Estudios Peruanos |c 1999 | ||
| 650 | 0 | |a Historia del Perú |9 430972 | |
| 650 | 7 | |a INCAS |2 CL-VaPUC |9 256565 | |
| 583 | |a last modification |c 20121128 04:15:56 |k Rodrigo Vera | ||
| 490 | 0 | |a Historia Andina, 13 | |
| 999 | |c 334961 |d 334959 | ||
| 952 | |0 0 |1 0 |4 0 |6 985_019000000000000_ROS_1999 |7 0 |8 X |9 424403 |a FDOBUD |b FDOBUD |d 2019-11-22 |i 4578449 |o 985.019 ROS 1999 |p 4578449 |r 2019-11-22 |w 2019-11-22 |y BK_X |k BUD | ||
| 952 | |0 0 |1 0 |4 0 |6 985_019000000000000_ROS_1999 |7 0 |8 A |9 424404 |a BIBHIS |b BIBHIS |d 2019-11-22 |i 4854624 |o 985.019 ROS 1999 |p 4854624 |r 2025-01-20 |w 2019-11-22 |y BK |k HIS | ||
| 952 | |0 0 |1 0 |4 0 |6 985_019000000000000_ROS_1999 |7 0 |8 X |9 424405 |a FDOBUD |b FDOBUD |d 2019-11-22 |i 4930169 |o 985.019 ROS 1999 |p 4930169 |r 2019-11-22 |w 2019-11-22 |y BK_X |k BUD | ||